Model building in mathematical programming

Αποθηκεύτηκε σε:
Λεπτομέρειες βιβλιογραφικής εγγραφής
Κύριος συγγραφέας: Williams, H. P.
Μορφή: Βιβλίο
Γλώσσα:English
Δημοσίευση: Chichester : John Wiley , 1978
Έκδοση:3rd ed.
Θέματα:
Ετικέτες: Προσθήκη ετικέτας
Δεν υπάρχουν, Καταχωρήστε ετικέτα πρώτοι!

MARC

LEADER 00000nam a2200000 i 4500
001 1/5474
008 960604s1978 eng d
020 |a 0-471-92581-0 
035 |l 10016016 
040 |a GR-MY-UA  |b gre  |e aacr 
041 0 |a eng 
082 0 |a 519.7 
100 1 |a Williams, H. P. 
245 1 0 |a Model building in mathematical programming /  |c H. P. Williams 
250 |a 3rd ed. 
260 |a Chichester :   |b John Wiley ,   |c 1978 
300 |a xiv, 356 σ.;  |b εικ.;  |c 24 εκ. 
504 |a Περιέχει βιβλιογραφικές παραπομπές (σ. 338-345) και ευρετήριο 
650 0 0 |a Programming (Mathematics) 
650 0 0 |a Mathematical models. 
852 |a INST  |b LESVOS  |e 19960604  |h 519.7 WIL  |p 005100006161  |q 005100006161  |t BK  |y 0 
909 |a Λ  |b 021146